[Event "19th HZ Open 2015"]
[Site "Vlissingen NED"]
[Date "2015.08.07"]
[Round "8.5"]
[White "Admiraal, Miguoel"]
[Black "Werle, Jan"]
[Result "0-1"]
[WhiteTitle "FM"]
[BlackTitle "GM"]
[WhiteElo "2414"]
[BlackElo "2525"]
[WhiteFideId "1019716"]
[BlackFideId "1006088"]
[EventDate "2015.08.01"]

1. e4 c5 2. Nf3 d6 3. d4 cxd4 4. Nxd4 Nf6 5. Nc3 Nc6 6. Bg5 e6 7. Qd2 Be7 8.
O-O-O Nxd4 9. Qxd4 O-O 10. f4 Qa5 11. Kb1 h6 12. h4 e5 13. Qd3 exf4 14. Bxf4 Be6
15. Nd5 Bxd5 16. exd5 Rac8 17. Qf3 Qa4 18. Bd3 Nxd5 19. Bd2 Nb4 20. Bxb4 Qxb4
21. a3 Qa4 22. Rde1 Rc7 23. g4 Qc6 24. Qe3 d5 25. Qg3 Qb6 26. Bb5 Bxa3 27. Qxa3
Qxb5 28. Qxa7 Qc4 29. Rh2 Qxg4 30. Rg1 Qf4 31. Rhg2 f6 32. Qb6 Re7 33. h5 Qe5
34. Rg6 Qxh5 35. Rxf6 Rxf6 0-1

[Event "19th HZ Open 2015"]
[Site "Vlissingen NED"]
[Date "2015.08.07"]
[Round "8.6"]
[White "Van Foreest, Jorden"]
[Black "Dardha, Arben"]
[Result "1-0"]
[WhiteTitle "IM"]
[BlackTitle "FM"]
[WhiteElo "2519"]
[BlackElo "2297"]
[WhiteFideId "1039784"]
[BlackFideId "4700481"]
[EventDate "2015.08.01"]

1. e4 c5 2. Nf3 Nc6 3. Bb5 g6 4. Bxc6 dxc6 5. d3 Bg7 6. h3 Nf6 7. Nc3 e5 8. Nxe5
Nxe4 9. Nxe4 Bxe5 10. O-O O-O 11. Nxc5 b6 12. Ne4 f5 13. Ng5 Bf6 14. Qd2 Qd7 15.
Qb4 Qd4 16. Qb3+ Qd5 17. c4 Qd8 18. c5+ Qd5 19. cxb6 axb6 20. Qxb6 f4 21. Ne4
Bd4 22. Qc7 Be5 23. Qe7 f3 24. Bh6 Rd8 25. Ng5 Qd7 26. Qxe5 Re8 27. Qf4 fxg2 28.
Rfe1 Ba6 29. Ne4 Qxh3 30. Nf6+ Kh8 31. Rxe8+ Rxe8 32. Bg7+ Kxg7 33. Nxe8+ Kg8
34. Qh2 Qxd3 35. Qxg2 1-0

[Event "19th HZ Open 2015"]
[Site "Vlissingen NED"]
[Date "2015.08.07"]
[Round "8.7"]
[White "Mu, Ke"]
[Black "Das, Arghyadip"]
[Result "1/2-1/2"]
[BlackTitle "IM"]
[WhiteElo "2380"]
[BlackElo "2485"]
[WhiteFideId "8602778"]
[BlackFideId "5003610"]
[EventDate "2015.08.01"]

1. Nf3 Nf6 2. c4 e6 3. d4 Bb4+ 4. Nbd2 O-O 5. a3 Be7 6. e4 d6 7. Bd3 c5 8. d5
Nbd7 9. O-O Re8 10. h3 Bf8 11. Re1 a6 12. a4 g6 13. Nb1 exd5 14. exd5 Rxe1+ 15.
Qxe1 Bg7 16. Nc3 Nh5 17. Bg5 Bf6 18. Bh6 Ne5 19. Nxe5 Bxe5 20. Qd2 f5 21. Be2
Ng7 22. Bg5 Qf8 23. Bf4 Bxf4 24. Qxf4 Bd7 25. Ra3 Rb8 26. Rb3 b6 27. h4 1/2-1/2

[Event "19th HZ Open 2015"]
[Site "Vlissingen NED"]
[Date "2015.08.07"]
[Round "8.8"]
[White "Palit, Somak"]
[Black "Prasanna, Raghuram Rao"]
[Result "1/2-1/2"]
[WhiteTitle "IM"]
[BlackTitle "IM"]
[WhiteElo "2345"]
[BlackElo "2424"]
[WhiteFideId "5010454"]
[BlackFideId "5022401"]
[EventDate "2015.08.01"]

1. Nf3 Nf6 2. g3 d5 3. Bg2 Bg4 4. c4 c6 5. Ne5 Be6 6. cxd5 Bxd5 7. Nf3 c5 8. Nc3
Bc6 9. O-O e6 10. d4 Nbd7 11. Bf4 cxd4 12. Qxd4 Bc5 13. Qc4 Rc8 14. Qb3 Qb6 15.
Qxb6 Nxb6 16. Ne5 Bxg2 17. Kxg2 Bb4 18. Nb5 a6 19. Nd3 axb5 20. Nxb4 Nbd5 21.
Nxd5 Nxd5 22. Bd2 f5 23. Rfc1 Kd7 24. f3 Rxc1 25. Rxc1 Ra8 26. a3 Ra4 27. Kf2 b6
28. Ke1 e5 29. Kd1 e4 30. Kc2 Rc4+ 31. Kb3 Rxc1 32. Bxc1 Kc6 33. Kc2 Kc5 34. b3
g6 35. Kd2 h5 36. Bb2 1/2-1/2

[Event "19th HZ Open 2015"]
[Site "Vlissingen NED"]
[Date "2015.08.07"]
[Round "8.9"]
[White "De Jong, Migchiel"]
[Black "Ikonnikov, Vyacheslav"]
[Result "1/2-1/2"]
[WhiteTitle "IM"]
[BlackTitle "GM"]
[WhiteElo "2319"]
[BlackElo "2519"]
[WhiteFideId "1002848"]
[BlackFideId "4100972"]
[EventDate "2015.08.01"]

1. Nf3 Nf6 2. c4 e6 3. g3 b6 4. Bg2 Bb7 5. d4 Be7 6. O-O O-O 7. Re1 d5 8. cxd5
exd5 9. Nc3 Nbd7 10. Bf4 Nh5 11. Bd2 Nhf6 12. Rc1 Ne4 13. Bf4 Bd6 14. Bxd6 cxd6
15. Nd2 Ndf6 16. f3 Nxc3 17. Rxc3 Rc8 18. Rxc8 Bxc8 19. Nb1 h5 20. Qd2 h4 21. g4
Nh7 22. Nc3 Be6 23. Kh1 f5 24. gxf5 Bxf5 25. f4 Nf6 26. Nxd5 Ne4 27. Qc1 h3 28.
Bf3 Re8 29. Rf1 Qd7 30. Qe1 Qf7 31. Nc3 Nxc3 32. Qxc3 Be4 33. Bxe4 Rxe4 34. Qc8+
Re8 35. Qxh3 Rxe2 36. Qc8+ Kh7 37. Qh3+ Kg8 38. Qc8+ Kh7 39. Qh3+ Kg8 1/2-1/2

[Event "19th HZ Open 2015"]
[Site "Vlissingen NED"]
[Date "2015.08.07"]
[Round "8.10"]
[White "Van Foreest, Lucas"]
[Black "Ankit, R. Rajpara"]
[Result "0-1"]
[BlackTitle "GM"]
[WhiteElo "2293"]
[BlackElo "2460"]
[WhiteFideId "1039792"]
[BlackFideId "5023335"]
[EventDate "2015.08.01"]

1. b3 Nf6 2. Bb2 e6 3. Nf3 c5 4. e3 b6 5. c4 Bb7 6. Nc3 Be7 7. Be2 O-O 8. O-O
Nc6 9. d4 cxd4 10. Nxd4 Ne5 11. Nf3 Ng6 12. Rc1 d6 13. Qd2 Qb8 14. Rfd1 Rd8 15.
Qc2 Qc7 16. Nb5 Qb8 17. Nc3 a6 18. Qb1 Qc7 19. Rd2 Rac8 20. Rcd1 Qb8 21. Ne1 Rd7
22. Bf3 b5 23. cxb5 axb5 24. a4 bxa4 25. bxa4 Ne5 26. Bxb7 Rxb7 27. Nb5 Nc4 28.
Rc2 d5 29. Bxf6 Bxf6 30. Qa2 Rb6 31. e4 Qa8 32. exd5 exd5 33. Nf3 Ra6 34. Nc3
Bxc3 35. Rxc3 Rxa4 36. Qb1 h6 37. Qf5 Rd8 38. Rcc1 Ra6 39. h3 Rf6 40. Qh5 Ra6
41. Rd4 Ra1 42. Rxa1 Qxa1+ 43. Kh2 Qa8 44. Rg4 Qb8+ 45. g3 Qb2 46. Kg1 Ra8 47.
Qxh6 Ra2 48. Kh1 Qa1+ 49. Kg2 Qc3 50. Kg1 Qa1+ 51. Kg2 Re2 52. Ng1 Ne3+ 53. Qxe3
Rxe3 54. fxe3 Qe1 55. Rf4 Qxe3 56. Nf3 f6 57. h4 Kh7 58. Kf1 Kg8 59. Kg2 Kh7 60.
Kf1 Kh8 61. Kg2 Kg8 62. Kf1 Kf8 63. Kg2 Kg8 64. Kf1 g5 65. hxg5 fxg5 66. Nxg5 d4
67. Nf3 d3 68. Kg2 d2 69. Nxd2 Qxd2+ 70. Kg1 Qe2 71. Kh1 Kg7 72. Kg1 Kg6 73. Kh1
Kg5 74. Kg1 Qd3 75. Kg2 Qe3 76. Kh2 Qd2+ 77. Kg1 Qe2 78. Kh1 Qe6 79. Kh2 Qg8 80.
Kg1 Qh8 81. Kg2 Qh7 82. Rh4 Qc2+ 83. Kg1 Qd1+ 84. Kg2 Qe2+ 85. Kg1 Qf3 86. Kh2
Qf2+ 87. Kh3 Qg1 88. Rg4+ Kf5 89. Rf4+ Ke5 90. Kh4 Qh1+ 91. Kg4 Ke6 92. Rb4 Qd1+
93. Kh3 Qh1+ 94. Kg4 Kf6 95. Rb6+ Kg7 96. Rb4 Qd1+ 97. Kg5 Qd8+ 98. Kh5 Qe8+ 99.
Kg4 Qd7+ 100. Kf3 Qd1+ 101. Ke3 Qe1+ 0-1

[Event "19th HZ Open 2015"]
[Site "Vlissingen NED"]
[Date "2015.08.07"]
[Round "8.11"]
[White "Leenhouts, Koen"]
[Black "Stillger, Bernhard"]
[Result "1-0"]
[WhiteTitle "IM"]
[BlackTitle "FM"]
[WhiteElo "2422"]
[BlackElo "2279"]
[WhiteFideId "1008439"]
[BlackFideId "4610768"]
[EventDate "2015.08.01"]

1. e4 e6 2. d3 d5 3. Nd2 Nf6 4. Ngf3 b6 5. e5 Nfd7 6. g3 c5 7. Bg2 Nc6 8. O-O
Ndxe5 9. Nxe5 Nxe5 10. Re1 Ng6 11. h4 Bb7 12. c4 Bd6 13. cxd5 O-O 14. dxe6 Bxg2
15. Kxg2 fxe6 16. Ne4 Bc7 17. Qb3 Qd5 18. Qxd5 exd5 19. Nc3 Rf5 20. d4 Rd8 21.
Bg5 Rd7 22. Rac1 h6 23. Bd2 c4 24. Re6 Kf7 25. Rce1 Re7 26. Rxe7+ Nxe7 27. g4
Rf6 28. Rxe7+ Kxe7 29. Nxd5+ Kf7 30. Nxf6 Kxf6 31. Kf3 Kf7 1-0

[Event "19th HZ Open 2015"]
[Site "Vlissingen NED"]
[Date "2015.08.07"]
[Round "8.12"]
[White "Ten Hertog, Hugo"]
[Black "Foisor, Sabina-Francesca"]
[Result "1-0"]
[WhiteTitle "FM"]
[BlackTitle "WGM"]
[WhiteElo "2383"]
[BlackElo "2230"]
[WhiteFideId "1026356"]
[BlackFideId "1212915"]
[EventDate "2015.08.01"]

1. c4 Nf6 2. Nc3 e6 3. Nf3 d5 4. e3 Be7 5. b3 O-O 6. Bb2 c5 7. cxd5 exd5 8. d4
Nc6 9. Be2 a6 10. O-O Bg4 11. dxc5 Bxc5 12. Rc1 Ba7 13. Nd4 Bd7 14. Nxc6 Bxc6
15. Bf3 Ne4 16. Ne2 Re8 17. Nd4 Bd7 18. Bg4 Bb5 19. Re1 Bb8 20. Nf3 Ba7 21. Bd4
Bb8 22. Bb2 Ba7 23. Qc2 Qe7 24. Qc7 Qxc7 25. Rxc7 Bc6 26. Rc1 Bb6 27. R7xc6 bxc6
28. Rxc6 Ba7 29. g3 g6 30. Rc7 a5 31. Kg2 Bb6 32. Rc6 Rab8 33. Be5 Rb7 34. Bc8
Rbe7 35. Bf4 f6 36. h4 Ba7 37. g4 Kg7 38. g5 Rf8 39. Be6 Rd8 40. gxf6+ Nxf6 41.
Be5 Bb8 42. Bd4 Rd6 43. Rxd6 Bxd6 44. Bxd5 h6 45. a4 Re8 46. Bc4 Be7 47. Ne5 g5
48. hxg5 hxg5 49. Nc6 Bd8 50. Bc3 Kg6 51. Nxd8 Rxd8 52. Bxa5 Rd7 53. Bb6 Ne4 54.
Bd4 Nd2 55. Bb5 Rc7 56. b4 g4 57. Be2 Kg5 58. a5 Ne4 59. Bd3 Nd2 60. Be2 Ne4 61.
Bd3 Nd2 62. Bc5 Rd7 63. Bb5 Rh7 64. Bc6 Rh6 65. Bb7 Nb3 66. a6 1-0

[Event "19th HZ Open 2015"]
[Site "Vlissingen NED"]
[Date "2015.08.08"]
[Round "9.1"]
[White "Moradiabadi, Elshan"]
[Black "Jobava, Baadur"]
[Result "0-1"]
[WhiteTitle "GM"]
[BlackTitle "GM"]
[WhiteElo "2587"]
[BlackElo "2664"]
[WhiteFideId "12501255"]
[BlackFideId "13601520"]
[EventDate "2015.08.01"]

1. Nf3 Nf6 2. c4 c6 3. Nc3 d5 4. e3 g6 5. d4 Bg7 6. Be2 O-O 7. O-O b6 8. b3 Bb7
9. Ba3 dxc4 10. bxc4 Nbd7 11. Qb3 c5 12. Rad1 Qb8 13. d5 Re8 14. Bb2 e6 15. a4
a6 16. dxe6 Rxe6 17. Nd5 h6 18. Bc3 Bc6 19. Rb1 Ra7 20. Rfd1 Rb7 21. Qa2 Kh7 22.
Qa1 Qh8 23. a5 b5 24. Nf4 Re7 25. cxb5 Bxb5 26. Bc4 Ne4 27. Bxg7 Qxg7 28. Qxg7+
Kxg7 29. Nd5 Re6 30. Nf4 Re8 31. Bd5 Ra7 32. Rbc1 Ndf6 33. h4 Rd7 34. Bb3 Rxd1+
35. Rxd1 g5 36. hxg5 hxg5 37. Nd5 Ng4 38. Nc7 Rh8 39. Rd5 Ngxf2 40. Nh2 g4 41.
g3 Bc6 42. Nxa6 Rh3 43. Nf1 Bb5 0-1

[Event "19th HZ Open 2015"]
[Site "Vlissingen NED"]
[Date "2015.08.08"]
[Round "9.2"]
[White "Krasenkow, Michal"]
[Black "Landa, Konstantin"]
[Result "1/2-1/2"]
[WhiteTitle "GM"]
[BlackTitle "GM"]
[WhiteElo "2616"]
[BlackElo "2624"]
[WhiteFideId "1113100"]
[BlackFideId "4101685"]
[EventDate "2015.08.01"]

1. d4 d5 2. Nf3 c5 3. c4 cxd4 4. cxd5 Nf6 5. Qxd4 Qxd5 6. Nc3 Qxd4 7. Nxd4 a6 8.
g3 e5 9. Nb3 Bd7 10. Bg2 Bc6 11. O-O Bb4 12. Bd2 Bxg2 13. Kxg2 Nc6 14. Rac1
O-O-O 15. a3 Bxc3 16. Bxc3 Rd5 17. Na5 Nxa5 18. Bxa5+ Kd7 19. b4 Ke6 20. Bb6 Rd6
21. Be3 Rhd8 22. a4 Ng4 23. Ba7 f5 24. Rc7 R8d7 25. Rc8 Rd8 26. Rfc1 Nf6 27.
R1c7 Rxc8 28. Rxc8 Rd2 29. Rb8 Rd7 30. b5 axb5 31. axb5 Nd5 32. Re8+ Re7 33. Rc8
Rc7 34. Re8+ Re7 35. Rc8 Rc7 36. Re8+ 1/2-1/2

[Event "19th HZ Open 2015"]
[Site "Vlissingen NED"]
[Date "2015.08.08"]
[Round "9.3"]
[White "Werle, Jan"]
[Black "Wan, Yunguo"]
[Result "1/2-1/2"]
[WhiteTitle "GM"]
[BlackTitle "IM"]
[WhiteElo "2525"]
[BlackElo "2472"]
[WhiteFideId "1006088"]
[BlackFideId "8603189"]
[EventDate "2015.08.01"]

1. d4 Nf6 2. c4 g6 3. Nc3 d5 4. cxd5 Nxd5 5. e4 Nxc3 6. bxc3 Bg7 7. Be3 c5 8.
Nf3 Qa5 9. Qd2 O-O 10. Rb1 b6 11. Rb5 Qa4 12. Rb3 Ba6 13. Bxa6 Nxa6 14. O-O Rfd8
15. Qe2 cxd4 16. cxd4 Rac8 17. Qb2 Nc5 18. Qa3 Qxa3 19. Rxa3 Nxe4 20. Rxa7 Bf6
21. Rb1 1/2-1/2

[Event "19th HZ Open 2015"]
[Site "Vlissingen NED"]
[Date "2015.08.08"]
[Round "9.4"]
[White "Ernst, Sipke"]
[Black "Van Foreest, Jorden"]
[Result "0-1"]
[WhiteTitle "GM"]
[BlackTitle "IM"]
[WhiteElo "2544"]
[BlackElo "2519"]
[WhiteFideId "1004689"]
[BlackFideId "1039784"]
[EventDate "2015.08.01"]

1. c4 e5 2. g3 Nf6 3. Bg2 d5 4. cxd5 Nxd5 5. Nf3 Nc6 6. O-O Nb6 7. d3 Be7 8. a3
O-O 9. Nbd2 Re8 10. b4 Nd4 11. Bb2 Nxf3+ 12. Bxf3 Bf8 13. Nb3 c6 14. Na5 Rb8 15.
Qc2 Bh3 16. Rfd1 Qe7 17. Rac1 g6 18. Be4 Bg7 19. Ba1 h5 20. Qc5 Qe6 21. Qc2 h4
22. Qb3 Qd7 23. Rc5 Be6 24. Qc2 Bd5 25. Nc4 Nxc4 26. Rxd5 cxd5 27. dxc4 d4 28.
c5 hxg3 29. hxg3 Bf6 30. Qc4 Kg7 31. b5 Rh8 32. a4 Qg4 33. Bf3 Qf5 34. Bb2 Rh7
35. Qd3 Qe6 36. Rc1 Bg5 37. Rc4 Rbh8 38. c6 Rh2 39. cxb7 Be3 40. g4 0-1

[Event "19th HZ Open 2015"]
[Site "Vlissingen NED"]
[Date "2015.08.08"]
[Round "9.5"]
[White "Van Wely, Loek"]
[Black "Ten Hertog, Hugo"]
[Result "0-1"]
[WhiteTitle "GM"]
[BlackTitle "FM"]
[WhiteElo "2654"]
[BlackElo "2383"]
[WhiteFideId "1000268"]
[BlackFideId "1026356"]
[EventDate "2015.08.01"]

1. d4 g6 2. Nf3 Bg7 3. e4 d6 4. Nc3 a6 5. Be3 b5 6. Bd3 Bb7 7. O-O Nd7 8. Re1
Ngf6 9. a3 O-O 10. h3 Rc8 11. Qd2 c5 12. d5 e6 13. dxe6 fxe6 14. Bh6 Bxh6 15.
Qxh6 Nh5 16. Ng5 Qe7 17. Rad1 Nf4 18. Bf1 Ne5 19. Re3 Rc7 20. g3 Nh5 21. f4 Nc6
22. a4 Nd4 23. Rd2 b4 24. Nd1 Qg7 25. Qxg7+ Nxg7 26. h4 h6 27. Nh3 d5 28. c3 Nb3
29. Rc2 dxe4 30. cxb4 Nd4 31. Rxc5 Nf3+ 32. Kf2 Rd7 33. Nc3 Nf5 34. Re2 Rd2 35.
Nxe4 Bxe4 36. Rxd2 Nxd2 37. Bxa6 Bd5 38. Bd3 Ne4+ 39. Bxe4 Bxe4 40. g4 Nxh4 41.
b5 g5 42. Kg3 Ng2 43. Nxg5 hxg5 44. Rxg5+ Kf7 45. Re5 Bd5 46. a5 Ke7 47. a6 Nxf4
48. b6 Kd6 49. Re3 Bc6 50. b7 Nd5 51. Rb3 Kc7 52. g5 Ba4 53. Ra3 Bb5 54. Ra5 Bc6
55. Ra1 Kb6 56. Kg4 Bb5 57. g6 Bxa6 58. Kg5 Kxb7 59. Re1 Rf5+ 60. Kh4 Rf6 61.
Rg1 Ne7 62. g7 Rh6+ 63. Kg3 Rg6+ 64. Kf2 Rxg1 0-1

[Event "19th HZ Open 2015"]
[Site "Vlissingen NED"]
[Date "2015.08.08"]
[Round "9.6"]
[White "Das, Arghyadip"]
[Black "Palit, Somak"]
[Result "1/2-1/2"]
[WhiteTitle "IM"]
[BlackTitle "IM"]
[WhiteElo "2485"]
[BlackElo "2345"]
[WhiteFideId "5003610"]
[BlackFideId "5010454"]
[EventDate "2015.08.01"]

1. e4 d6 2. Nc3 e5 3. Bc4 Nf6 4. d3 Be7 5. f4 exf4 6. Bxf4 Be6 7. Bb3 O-O 8. Nf3
d5 9. exd5 Nxd5 10. Nxd5 Bxd5 11. O-O Bxb3 12. axb3 Nc6 13. d4 Bd6 14. Bxd6 Qxd6
15. c3 a6 16. Qc2 Rae8 17. Rae1 f6 18. Nd2 a5 19. Re4 Rxe4 20. Qxe4 Qd7 21. Qf3
b6 22. Ne4 Ne7 23. Qd3 Ng6 24. Re1 1/2-1/2

[Event "19th HZ Open 2015"]
[Site "Vlissingen NED"]
[Date "2015.08.08"]
[Round "9.7"]
[White "Ankit, R. Rajpara"]
[Black "Mu, Ke"]
[Result "1/2-1/2"]
[WhiteTitle "GM"]
[WhiteElo "2460"]
[BlackElo "2380"]
[WhiteFideId "5023335"]
[BlackFideId "8602778"]
[EventDate "2015.08.01"]

1. e4 e6 2. d4 d5 3. Nd2 Nc6 4. Ngf3 Nf6 5. e5 Nd7 6. Bd3 Nb4 7. Be2 c5 8. c3
Nc6 9. O-O cxd4 10. cxd4 Qb6 11. Nb3 a5 12. a4 Be7 13. Be3 Ndb8 14. Ne1 Na6 15.
f4 Bd7 16. Nd3 O-O 17. g4 f6 18. exf6 Bxf6 19. Ndc5 Nxc5 20. Nxc5 Rad8 21. Qd2
Bc8 22. Rac1 Be7 23. Bb5 e5 24. fxe5 Rxf1+ 25. Bxf1 Bxg4 26. Bg2 Nb4 27. Bg5
Bxg5 28. Qxg5 Bc8 29. Rf1 Re8 30. h4 Qd8 31. Qxd8 Rxd8 32. Rf3 b6 33. Nd3 Bg4
34. Rg3 Bd1 35. Nxb4 axb4 36. e6 Kf8 37. e7+ Kxe7 38. Rxg7+ Kd6 39. Rxh7 Bxa4
40. Rh6+ Kc7 41. h5 Bc2 42. Rf6 Rg8 43. Kf2 Rg4 44. Bxd5 Rxd4 45. Bf3 Bb1 46. h6
Rd2+ 47. Kg3 Rxb2 48. Rc6+ Kd7 49. Rxb6 Ke7 50. Rb7+ Kd6 51. h7 Bxh7 52. Rxh7
Kc5 53. Kf4 Rd2 54. Ke3 Rd6 55. Be2 b3 56. Rh4 Rb6 57. Bd3 b2 58. Bb1 Rb4 59.
Rh5+ Kb6 60. Kd2 Rc4 61. Bd3 Rb4 62. Rh1 Kc5 63. Kc3 Rb8 64. Bc2 Kd6 65. Bb3 Ke5
66. Re1+ Kf4 67. Kxb2 Rc8 68. Re7 Rc5 69. Bc2 Rc8 70. Rd7 Ke5 71. Kc1 Rc5 72.
Re7+ Kd6 73. Re3 Re5 74. Rd3+ Kc5 75. Kb2 Kc4 76. Rh3 Rb5+ 77. Bb3+ Kd4 78. Kc2
Rg5 79. Rh4+ Ke5 80. Kc3 Rf5 81. Bc2 Rf4 82. Rh5+ Kd6 83. Bd3 Rg4 84. Bc4 Rg1
85. Be2 Rg2 86. Kd3 Rf2 87. Ke3 Rf8 88. Bd3 Kc7 89. Kd4 Rd8+ 90. Kc4 Kd6 91. Be4
Rb8 92. Bd3 Rd8 93. Be4 Rb8 94. Rd5+ Ke6 95. Kd4 Rb3 96. Rh5 Rb4+ 97. Kd3 Rb3+
98. Kc4 Rb8 99. Bd5+ Kf6 100. Kd4 Rb4+ 101. Bc4 Rb8 102. Ke4 Rb4 103. Rc5 Rb2
104. Rc6+ Ke7 105. Ke5 Kd7 106. Ra6 Rd2 107. Ra3 Kc7 108. Rc3 Rh2 109. Be6+ Kb6
110. Kd6 Rb2 111. Bc4 Rb1 112. Bd3 Rb4 113. Rc6+ Kb7 114. Ba6+ Ka7 115. Kc7 Rb7+
116. Bxb7 1/2-1/2

[Event "19th HZ Open 2015"]
[Site "Vlissingen NED"]
[Date "2015.08.08"]
[Round "9.8"]
[White "Prasanna, Raghuram Rao"]
[Black "Linster, Philippe"]
[Result "1-0"]
[WhiteTitle "IM"]
[WhiteElo "2424"]
[BlackElo "2219"]
[WhiteFideId "5022401"]
[BlackFideId "4001206"]
[EventDate "2015.08.01"]

1. e4 e5 2. Nf3 Nc6 3. Bc4 Nf6 4. d3 Bc5 5. c3 a6 6. Nbd2 d6 7. Bb3 Ba7 8. Nf1
h6 9. Ng3 Be6 10. O-O O-O 11. Re1 Ne7 12. d4 Ng6 13. h3 Re8 14. Be3 Bxb3 15.
Qxb3 exd4 16. Bxd4 c5 17. Be3 Nxe4 18. Nxe4 Rxe4 19. Qxb7 Re6 20. Rad1 Qc8 21.
Qd5 Rb8 22. b3 Bb6 23. Bc1 Rxe1+ 24. Rxe1 Qd8 25. Bd2 Qf6 26. c4 Nf4 27. Qc6 Nd3
28. Re3 Nb4 29. Re8+ Rxe8 30. Qxe8+ Kh7 31. Qe4+ Qg6 32. Qb7 Ba5 33. a3 Qb1+ 34.
Kh2 Qxb3 35. axb4 Bxb4 36. Qxf7 a5 37. Bxh6 Kxh6 38. g4 1-0

[Event "19th HZ Open 2015"]
[Site "Vlissingen NED"]
[Date "2015.08.08"]
[Round "9.9"]
[White "Erwich, Frank"]
[Black "Leenhouts, Koen"]
[Result "1/2-1/2"]
[WhiteTitle "FM"]
[BlackTitle "IM"]
[WhiteElo "2358"]
[BlackElo "2422"]
[WhiteFideId "1007076"]
[BlackFideId "1008439"]
[EventDate "2015.08.01"]

1. e4 c5 2. Nf3 e6 3. c4 Nc6 4. Be2 g5 5. h3 Bg7 6. d3 h6 7. Nc3 Nge7 8. Be3 d6
9. d4 cxd4 10. Nxd4 d5 11. exd5 exd5 12. Nxc6 bxc6 13. Bd4 Bxd4 14. Qxd4 O-O 15.
Qf6 d4 16. O-O-O c5 17. Ne4 Bf5 18. Bd3 Bxe4 19. Bxe4 Ng6 20. Qxd8 Raxd8 21.
Rhe1 Nf4 22. g3 Nxh3 23. Bf5 g4 24. Rf1 Ng5 25. Bxg4 f5 26. Bh5 Rf6 27. Rfe1 Ne4
28. Bf3 Nxf2 29. Rd2 Ng4 30. Re7 a5 31. Rc7 Ne3 32. Rxc5 Rg6 33. Bd5+ Nxd5 34.
Rxd5 Rxd5 35. cxd5 Rxg3 36. Rxd4 Rg4 37. Rd3 Kf7 38. d6 Ke8 39. Rd5 Ra4 40. Rxf5
Rxa2 41. Rh5 Ra1+ 42. Kc2 a4 43. Rxh6 a3 44. b3 Rg1 45. Rh8+ 1/2-1/2

[Event "19th HZ Open 2015"]
[Site "Vlissingen NED"]
[Date "2015.08.08"]
[Round "9.10"]
[White "Ikonnikov, Vyacheslav"]
[Black "Lam, Daniel King-wai"]
[Result "1-0"]
[WhiteTitle "GM"]
[WhiteElo "2519"]
[BlackElo "2098"]
[WhiteFideId "4100972"]
[BlackFideId "6001238"]
[EventDate "2015.08.01"]

1. Nf3 Nf6 2. c4 g6 3. Nc3 Bg7 4. e4 d6 5. d4 O-O 6. Be2 e5 7. O-O Nbd7 8. Qc2
exd4 9. Nxd4 Nc5 10. Rd1 Re8 11. f3 a5 12. Ndb5 Bd7 13. Be3 Bxb5 14. cxb5 Nfd7
15. Qd2 Nb6 16. Rab1 a4 17. Nd5 Nbd7 18. Bg5 f6 19. Bh4 Ne5 20. Kh1 h5 21. Bf1
Kh7 22. Re1 Nf7 23. Rbd1 Ng5 24. Qc2 Qc8 25. b6 1-0

[Event "19th HZ Open 2015"]
[Site "Vlissingen NED"]
[Date "2015.08.08"]
[Round "9.11"]
[White "Dardha, Arben"]
[Black "Stark, Lars"]
[Result "1-0"]
[WhiteTitle "FM"]
[BlackTitle "IM"]
[WhiteElo "2297"]
[BlackElo "2437"]
[WhiteFideId "4700481"]
[BlackFideId "4676386"]
[EventDate "2015.08.01"]

1. e4 e6 2. d4 d5 3. Nd2 c5 4. exd5 Qxd5 5. Ngf3 cxd4 6. Bc4 Qd8 7. Nb3 Nc6 8.
Nbxd4 Nxd4 9. Nxd4 a6 10. O-O Qc7 11. Bd3 Bd6 12. h3 Ne7 13. Re1 Bd7 14. c4 Ng6
15. Be3 O-O 16. Rc1 Rad8 17. Qc2 Bb4 18. Red1 Bc5 19. Qc3 Qb6 20. Bf1 Rfe8 21.
Nc2 Bc6 22. b4 Bxe3 23. Nxe3 Rxd1 24. Rxd1 Rd8 25. Rxd8+ Qxd8 26. b5 axb5 27.
cxb5 Be8 28. a4 b6 29. Nc4 Ne7 30. Be2 Qc7 31. Qd4 Nc8 32. Bf3 Kf8 33. a5 e5 34.
axb6 Nxb6 35. Qxb6 Qxc4 36. Qd6+ Kg8 37. b6 Qc1+ 38. Bd1 Qb1 39. Kh2 g6 40. Qb8
Kf8 41. Ba4 Qe4 42. Qxe8+ Kg7 43. Qd7 1-0